00333nam a22001457a 4500003000400000020001800004082001700022100001800039245003400057250000800091260003100099300000800130650001500138653003400153SGT a9788185457891 a616.12bC98S aSWANTON, R.H. aCARDIOLOGY: POCKET CONSULTANT a1ST aINDIA bPANTHER PUB c1998 a559 aCARDIOLOGY aCARDIOLOGY: POCKET CONSULTANT